| 000 | 00637nam a2200181Ia 4500 | ||
|---|---|---|---|
| 008 | 100920s9999 xx 000 0 und d | ||
| 082 |
_b103366 _a--- न 09 |
||
| 100 | _aओक जनार्दन. | ||
| 245 | _aतेची ते स्वामी समर्थ. | ||
| 260 |
_bपायल पब्लिकेशन पुणे. _c2009 |
||
| 300 |
_a240 _bसाधी |
||
| 365 | _b230 | ||
| 520 | _aकादंबरी. | ||
| 630 | _aतेची ते स्वामी समर्थ. | ||
| 650 | _aकादंबरी. | ||
| 730 | _aतेची ते स्वामी समर्थ. | ||
| 942 | _cBOOK | ||
| 999 |
_c743798 _d743795 |
||